Biblioteca

Tyndale's New Testament (Registro nro. 46109)

Detalles MARC
000 -LÍDER
Campo fijo de descripción fija 00964aam a2200289 i 4500
001 - NÚMERO DE CONTROL
Campo de control 19747
003 - IDENTIFICADOR DEL NÚMERO DE CONTROL
Campo de control CO-MdFUSB
005 - FECHA Y HORA DE LA ULTIMA TRANSACCIÓN
control field 20180726102536.0
008 - ELEMENTOS DE LONGITUD FIJA -- INFORMACIÓN GENERAL
Campo fijo de descripción fija -- Información general 180713t1989 ctu||||g |||| 00| 0 eng d
020 ## - NÚMERO INTERNACIONAL NORMALIZADO PARA LIBROS
Número Internacional Normalizado del libro 0-300-04419-4
040 ## - FUENTE DE CATALOGACIÓN
Agencia de catalogación original CO-MdFUSB
Idioma de catalogación spa
Agencia que realiza la transcripción CO-MdFUSB
Agencia que realiza la modificación CO-MdFUSB
Convenciones de la descripción rda
041 ## - CÓDIGO DE IDIOMA
Código de idioma para texto/pista de sonido o título separado eng
082 ## - NÚMERO DE CLASIFICACIÓN DECIMAL DEWEY
Número de la edición del Dewey 24
Número de clasificación R 225
Clave de autor-Numero de item T987t
245 00 - TÍTULO
Título del Material Tyndale's New Testament
Mención de responsabilidad, etc. / Traducido por William Tyndale
264 #1 - PRODUCCIÓN, PUBLICACIÓN, DISTRIBUCIÓN, MANUFACTURA, Y COPYRIGHT
Lugar de producción, publicación, distribución, manufactura New Haven, Connecticut :
Nombre del productor, publicador, distribuidor Yale University Press,
Fecha de producción, publicación, distribución, manufactura, o copyright ℗1989
264 #4 - PRODUCCIÓN, PUBLICACIÓN, DISTRIBUCIÓN, MANUFACTURA, Y COPYRIGHT
Fecha de producción, publicación, distribución, manufactura, o copyright ©1989
300 ## - DESCRIPCIÓN FÍSICA
Extensión xxxvi, 429 páginas
Dimensiones ; 27 cm
336 ## - TIPO DE CONTENIDO
Fuente rdacontent
Término de tipo de contenido texto
Código de tipo de contenido txt
337 ## - TIPO DE MEDIO
Fuente rdamedia
Nombre del tipo de medio sin mediación
Código del tipo de medio n
338 ## - TIPO DE SOPORTE
Fuente rdacarrier
Nombre del tipo de soporte volumen
Código Tipo de soporte nc
505 0# - NOTA DE CONTENIDO
Nota de contenido con formato preestablecido Introducción a la obra de William Tyndale -- Traducción de los libros del Nuevo Testamento -- Comentario sobre los libros
563 ## - NOTA DE ENCUADERNACIÓN
Nota de encuadernación Pasta dura
630 07 - TITULO UNIFORME
Título uniforme Biblia.
Nombre de parte o sección de la obra Nuevo Testamento
720 1# - ASIENTO SECUNDARIO - NOMBRE NO CONTROLADO
Nombre Tyndale, William
Término de relación traductor
942 ## - TIPO DE MATERIAL (KOHA)
Tipo de Item KOHA Libros de Referencia
Existencias
Estado de Material Estado de Perdido Forma de Clasificación Estado de Dañado No para Préstamo Colección Tomo Biblioteca de Origen Biblioteca Permanente Fecha de Adquisición Total de Préstamos Signatura Topográfica Código de Barras Última vez visto Ejemplar/Existencia Fecha de Remplazo Tipo de Material
    Dewey Decimal Classification     Colección de Referencia   Biblioteca FUSBC Biblioteca FUSBC 13/05/2015   R 225 T987t 19823 15/04/2021 Ej. 1 26/01/2016 Libros de Referencia

Biblioteca FUSBC | Teléfono: (57+4) 349 88 10 Ext. 141| WhatsApp (+57) 3005338115 
E-mail: biblioteca@unisbc.edu.co | Calle 76 87-14 Robledo Palenque, Medellín, Colombia

Con tecnología Koha